000 00670nam a22002177a 4500
999 _c1204
_d1204
005 20221104085123.0
008 221104b ||||| |||| 00| 0 eng d
020 _a9781510421776
040 _cKH8
082 _a519.2 GOL
100 _aGoldie, Sophie
_eAuthor
245 _aMathematics:
_bProbability and statistics 2 /
_cSophie Goldie.
260 _aLondon:
_bHodder Education,
_c2018.
300 _a1 volume ;
_c25 cm.
440 _aCambridge international AS and A level further mathematics
546 _aEnglish
650 _a Probabilities -- Textbooks
650 _aStatistics -- Textbooks
700 _aPorkess, Roger
_eSeries editor
942 _2ddc
_cTR